All Subdivisions of the Soviet Union on a Map - Statistics

General Stats
  • This quiz has been taken 1,560 times
    1,209 since last reset
  • The average score is 71 of 176
Answers on the Map
Answers color-coded by a green-red scale on the quiz's map according to % correct below.
 
Answer Stats
Type
Answer
% Correct
Estonian SSR
89%
Latvian SSR
89%
Oblast Moscow
89%
Lithuanian SSR
88%
Crimea
87%
Kyiv
86%
Georgian SSR
85%
Minsk
85%
Armenian SSR
84%
Azerbaijan SSR
83%
Kaliningrad
83%
Kalinin
82%
Leningrad
82%
Moldavian SSR
80%
ASSR Karelian
79%
Murmansk
76%
Donetsk
75%
Odessa
74%
Dagestan
73%
Lviv
72%
Rostov
71%
Volgograd
70%
Kharkiv
69%
Sakhalin
69%
Arkhangelsk
68%
Kamchatka
68%
Autonomous Oblast South Ossetia
68%
ASSR Abkhazia
66%
Omsk
65%
Perm
65%
Tuvan
65%
Kursk
64%
Yakut
64%
Irkutsk
63%
Krai Krasnodar
63%
Novgorod
63%
Checheno-Ingush
62%
Jewish
62%
North Ossetian
60%
Pskov
60%
Tashkent
60%
Astrakhan
59%
Brest
59%
Tatar
58%
Dnipropetrovsk
57%
Krasnoyarsk
57%
Mari
57%
Novosibirsk
57%
Smolensk
57%
Kherson
56%
Tomsk
56%
Komi
55%
Nenets
55%
Vladimir
54%
Altai
52%
Amur
52%
Belgorod
52%
Orenburg
52%
Voronezh
52%
Ashgabat
51%
Kalmyk
51%
Magadan
51%
Bashkir
50%
Buryat
50%
Gomel
50%
Bryansk
49%
Chelyabinsk
49%
Saratov
49%
Zaporizhzhia
49%
Autonomous Oblast Adyghe
47%
Ryazan
46%
Tula
46%
Khabarovsk
45%
Stavropol
45%
Chukotka
44%
Kirov
44%
Sumy
44%
Yaroslavl
44%
Chuvash
43%
Grodno
42%
Primorsky
42%
Udmurt
42%
Vologda
42%
Chernihiv
41%
Ivanovo
41%
Tyumen
41%
Oblast Vitebsk
41%
Autonomous Oblast Nagorno-Karabakh
40%
Kaluga
39%
Oryol
39%
Mykolaiv
38%
Penza
38%
Poltava
38%
Ulyanovsk
38%
Lipetsk
37%
Tambov
37%
Yamalo-Nenets
37%
Mordovian
36%
Samarkand
36%
Sverdlovsk
35%
ASSR Karakalpak
34%
Kemerovo
34%
Khakas
34%
Kostroma
34%
Mogilev
34%
Bukhara
32%
Ivano-Frankivsk
32%
Kurgan
32%
Ternopil
32%
Cherkasy
30%
Mary
30%
Zakarpattia
30%
Chernivtsi
29%
Chita
29%
Kabardino-Balkarian
29%
Khanty-Mansi
29%
Osh
29%
Vinnytsia
29%
Gorky
28%
Zhytomyr
28%
ASSR Nakhchivan
27%
Alma-Ata
26%
Oblast Volyn
25%
Karachay-Cherkessia
24%
Tajik SSR
24%
Kirovohrad
23%
Pavlodar
22%
Fergana
21%
Oblast Uralsk
21%
Khmelnytskyi
20%
Kyrgyz SSR
20%
Karaganda
18%
Evenk
17%
Voroshylovhrad
17%
Ajaria
16%
East Kazakhstan
16%
Kyzyl-Orda
16%
Kuybyshev
15%
North Kazakhstan
15%
Rovno
15%
Gorno-Altai
14%
Koryak
14%
Semipalatinsk
14%
Autonomous Oblast Gorno-Badakhshan
13%
Autonomous Okrug Komi-Permyak
13%
Kostanay
12%
Oblast Issyk-Kul
11%
Oblast Leninabad
11%
Namangan
11%
Taymyrsky Dolgano-Nenetsky
11%
Tselinograd
11%
Agin-Buryat
10%
Guryev
10%
Oblast Krasnovodsk
10%
Naryn
10%
Oblast Navoiy
9%
Shevchenko
9%
Talas
9%
Ust-Orda
9%
Aktyubinsk
8%
Andizhan
8%
Chimkent
8%
Khorezm
8%
Sirdaryo
8%
Chardzhou
6%
Dzhambul
6%
Kokchetav
6%
Taldy-Kurgan
6%
Turgay
6%
Kashkadarya
5%
Kurgan-Tyube
5%
Surkhandarya
5%
Dzhezkazgan
4%
Kulyab
4%
Tashauz
4%
Dzhizak
3%
No matching quizzes found
Score Distribution
Percent of People with Each Score
Percentile by Number Answered
Your Score History
You have not taken this quiz since the last reset